[Event "IECC O email"]
[Site "IECC email"]
[Date "2000.04.30"]
[Round "?"]
[White "Miller, Roger"]
[Black "Van den Bos, Frans Pieter"]
[Result "0-1"]
[WhiteElo "1829"]
[BlackElo "1809"]
[PlyCount "54"]
[EventDate "2000.??.??"]
[EventType "tourn (corr)"]
[EventRounds "6"]
[SourceTitle "Corr 2008"]
[Source "ChessBase"]
[SourceDate "2008.06.24"]
[SourceVersion "1"]
[SourceVersionDate "2008.06.24"]
[SourceQuality "1"]

1. e4 e6 2. d4 d5 3. Nc3 Nf6 4. e5 Nfd7 5. f4 c5 6. Nf3 Nc6 7. Be3 cxd4 8. Nxd4 Nxd4 9. Bxd4 Nb8 10. Bf2 Nc6 11. Qg4 Qa5 12. 0-0-0 Bd7 13. Be2 Rc8 14. Kb1 g6 15. Qh4 Be7 16. Qh3 a6 17. Bg4 Qc7 18. Rhe1 b5 19. Qh6 Bf8 20. Qh3 b4 21. Ne2 a5 22. Qb3 a4 23. Qd3 b3 24. cxb3 Nb4 25. Qc3 Qa5 26. Qh3 Nxa2 27. Rd3 Nb4 0-1

[Event "IECC M email"]
[Site "IECC email"]
[Date "2000.02.11"]
[Round "?"]
[White "Miller, Roger"]
[Black "Bass, Stanley"]
[Result "1-0"]
[WhiteElo "1815"]
[BlackElo "1843"]
[PlyCount "80"]
[EventDate "2000.??.??"]
[EventType "tourn (corr)"]
[EventRounds "2"]
[SourceTitle "Corr 2008"]
[Source "ChessBase"]
[SourceDate "2008.06.24"]
[SourceVersion "1"]
[SourceVersionDate "2008.06.24"]
[SourceQuality "1"]

1. e4 c5 2. c3 Nf6 3. e5 Nd5 4. d4 cxd4 5. cxd4 Nc6 6. Nc3 Qa5 7. Nf3 Nxc3 8. bxc3 Qxc3+ 9. Bd2 Qa3 10. Qc2 e6 11. Rb1 Nb4 12. Qb2 a5 13. Qxa3 Nc2+ 14. Kd1 Nxa3 15. Rb6 f6 16. Be3 Bb4 17. Bd3 0-0 18. Ke2 f5 19. Rc1 g6 20. Bd2 Rd8 21. Bxb4 axb4 22. Nd2 Kf7 23. Rc7 Ke7 24. Kf1 g5 25. Kg1 Rf8 26. Rc5 Ra4 27. d5 exd5 28. Rxd5 g4 29. Nb3 f4 30. Nd4 Ke8 31. Rc5 Kd8 32. Nf5 Ra8 33. Rf6 Rg8 34. Nh6 Re8 35. Nf7+ Ke7 36. Nd6 b6 37. Rc1 Rf8 38. Rxf8 Kxf8 39. Nxc8 Ra5 40. Nxb6 Ke7 1-0

[Event "IECC Swiss email"]
[Site "IECC email"]
[Date "1999.10.30"]
[Round "?"]
[White "Miller, Roger"]
[Black "Angus, George"]
[Result "0-1"]
[WhiteElo "1858"]
[BlackElo "2039"]
[PlyCount "52"]
[EventDate "1999.??.??"]
[EventType "tourn (corr)"]
[EventRounds "6"]
[SourceTitle "Corr 2008"]
[Source "ChessBase"]
[SourceDate "2008.06.24"]
[SourceVersion "1"]
[SourceVersionDate "2008.06.24"]
[SourceQuality "1"]

1. d4 Nf6 2. c4 Nc6 3. d5 Ne5 4. e4 e6 5. Nf3 Bb4+ 6. Bd2 Nxf3+ 7. Qxf3 Bxd2+ 8. Nxd2 Qe7 9. Be2 exd5 10. cxd5 0-0 11. Rc1 c6 12. 0-0 cxd5 13. exd5 Nxd5 14. Qxd5 Qxe2 15. Rfe1 Qa6 16. a3 d6 17. Ne4 Be6 18. Qxd6 Qxd6 19. Nxd6 b6 20. Rcd1 Rfd8 21. f4 g6 22. Rd4 Kf8 23. Nb5 Rac8 24. Rxd8+ Rxd8 25. Nxa7 Rd2 26. b4 Bd5 0-1

[Event "IECC O email"]
[Site "IECC email"]
[Date "1999.04.20"]
[Round "?"]
[White "Fedorov, Evgeny S"]
[Black "Miller, Roger"]
[Result "1/2-1/2"]
[WhiteElo "1800"]
[BlackElo "1891"]
[PlyCount "92"]
[EventDate "1999.??.??"]
[EventType "tourn (corr)"]
[EventRounds "6"]
[SourceTitle "Corr 2008"]
[Source "ChessBase"]
[SourceDate "2008.06.24"]
[SourceVersion "1"]
[SourceVersionDate "2008.06.24"]
[SourceQuality "1"]

1. e4 e5 2. Nf3 Nc6 3. Nc3 Nf6 4. Bb5 Bb4 5. 0-0 0-0 6. d3 d6 7. Bg5 Bxc3 8. bxc3 Qe7 9. d4 h6 10. Bxf6 Qxf6 11. d5 Ne7 12. Ne1 c6 13. dxc6 bxc6 14. Bc4 Be6 15. Bb3 Rfd8 16. Nd3 a5 17. f4 exf4 18. Nxf4 Bxb3 19. Nd5 Qg5 20. Nxe7+ Qxe7 21. cxb3 Qxe4 22. Qd2 Qe7 23. Rae1 Qd7 24. Re3 Re8 25. Rfe1 Re6 26. Qd4 Rae8 27. c4 Rxe3 28. Rxe3 Rxe3 29. Qxe3 d5 30. cxd5 cxd5 31. Qb6 d4 32. Qxa5 Qc8 33. Kf1 d3 34. Qd2 Qf5+ 35. Ke1 Qd5 36. b4 Qc4 37. a4 Qd4 38. Kf1 Qa1+ 39. Kf2 Qxa4 40. Ke3 Qb3 41. Kd4 g6 42. Qc3 Qb1 43. g3 h5 44. Qd2 Qb3 45. Qc3 Qb1 46. Qd2 Qb3 1/2-1/2

[Event "IECC Swiss email"]
[Site "IECC email"]
[Date "1999.03.16"]
[Round "2"]
[White "Miller, Roger"]
[Black "Grabski, Samuel R"]
[Result "0-1"]
[WhiteElo "1848"]
[BlackElo "1755"]
[PlyCount "96"]
[EventDate "1999.??.??"]
[EventType "tourn (corr)"]
[EventRounds "6"]
[SourceTitle "Corr 2008"]
[Source "ChessBase"]
[SourceDate "2008.06.24"]
[SourceVersion "1"]
[SourceVersionDate "2008.06.24"]
[SourceQuality "1"]

1. e4 c5 2. Nf3 d6 3. d4 cxd4 4. Qxd4 Nc6 5. Bb5 Bd7 6. Bxc6 Bxc6 7. Nc3 Nf6 8. Bg5 e6 9. 0-0 Be7 10. Rad1 0-0 11. Rfe1 Qa5 12. b4 Qc7 13. b5 Bd7 14. Rd3 Rfc8 15. e5 dxe5 16. Nxe5 Be8 17. Bd2 a6 18. a4 Rd8 19. Qh4 axb5 20. axb5 Rxd3 21. cxd3 Rd8 22. Qa4 Qc5 23. Qb3 Nd5 24. b6 Nb4 25. Na2 Nxa2 26. Qxa2 Qxb6 27. Bc3 Qa6 28. Qe2 f6 29. Ra1 Qb5 30. Nc4 e5 31. Ba5 Ra8 32. Qc2 Qc5 33. Qb1 b5 34. Ne3 b4 35. Nc4 Bg6 36. Qb2 e4 37. Rc1 exd3 38. Bb6 Qb5 39. Be3 b3 40. Qd4 Ra4 41. Qb6 Qxb6 42. Nxb6 Ra2 43. Nc4 b2 44. Rd1 Bf7 45. Nd2 Ra1 46. Rf1 Bc4 47. Nb1 d2 48. Rd1 Be2 0-1

[Event "IECC TH-M email"]
[Site "IECC email"]
[Date "1999.03.02"]
[Round "?"]
[White "De Leeuw, Dirk"]
[Black "Miller, Roger"]
[Result "0-1"]
[WhiteElo "1969"]
[BlackElo "1857"]
[PlyCount "128"]
[EventDate "1999.??.??"]
[EventType "match (corr)"]
[EventRounds "2"]
[SourceTitle "Corr 2008"]
[Source "ChessBase"]
[SourceDate "2008.06.24"]
[SourceVersion "1"]
[SourceVersionDate "2008.06.24"]
[SourceQuality "1"]

1. e4 e5 2. d4 exd4 3. c3 Qe7 4. cxd4 Qxe4+ 5. Be3 Bb4+ 6. Nc3 Nf6 7. Nf3 Nd5 8. Qd2 Bxc3 9. bxc3 d6 10. Bd3 Qe7 11. 0-0 0-0 12. Rfe1 Qd8 13. c4 Nxe3 14. Rxe3 Nc6 15. d5 Ne7 16. Rae1 Ng6 17. Bxg6 hxg6 18. Nd4 Bd7 19. Ne6 Bxe6 20. dxe6 fxe6 21. Rxe6 Qh4 22. Re7 Qxc4 23. Rc1 Qb5 24. Rcxc7 Qb1+ 25. Rc1 Qb6 26. Qd5+ Kh8 27. Re3 Rf5 28. Rh3+ Rh5 29. Rxh5+ gxh5 30. Qxh5+ Kg8 31. Qd5+ Kh8 32. Qf5 Qb2 33. Qh5+ Kg8 34. Qd5+ Kh8 35. Re1 Rf8 36. f3 Qb6+ 37. Kh1 Qc6 38. Qd4 Re8 39. Rxe8+ Qxe8 40. Qxa7 d5 41. Qf2 Qe5 42. h3 d4 43. Kg1 Qc5 44. Kf1 Qb5+ 45. Qe2 d3 46. Qd1 d2+ 47. Kf2 Qd3 48. a4 g5 49. g3 Kg7 50. h4 Kh6 51. hxg5+ Kxg5 52. Kg2 Kf5 53. Kg1 Ke5 54. Kf2 Kd4 55. a5 Qe3+ 56. Kf1 Kc3 57. Qa1+ Kb4 58. Qd1 Kxa5 59. Qe2 Qc3 60. Qd1 Qd3+ 61. Kf2 b5 62. f4 b4 63. Qh5+ Ka4 64. Qd1+ b3 0-1

[Event "IECC KO email"]
[Site "IECC email"]
[Date "1998.11.15"]
[Round "1"]
[White "Hamer, Frank"]
[Black "Miller, Roger"]
[Result "0-1"]
[WhiteElo "1838"]
[BlackElo "1825"]
[PlyCount "74"]
[EventDate "1998.??.??"]
[EventType "tourn (corr)"]
[EventRounds "6"]
[SourceTitle "Corr 2008"]
[Source "ChessBase"]
[SourceDate "2008.06.24"]
[SourceVersion "1"]
[SourceVersionDate "2008.06.24"]
[SourceQuality "1"]

1. d4 d5 2. c4 dxc4 3. Nf3 Nf6 4. e3 e6 5. Bxc4 c5 6. 0-0 a6 7. Bd3 Nc6 8. Nc3 cxd4 9. exd4 Be7 10. Re1 0-0 11. Be3 b5 12. Rc1 Nb4 13. Be2 Nbd5 14. Bg5 Bb7 15. a4 b4 16. Nxd5 Nxd5 17. Qd2 f6 18. Be3 Qd7 19. b3 Bd6 20. h3 Rfc8 21. Bc4 Nb6 22. Be2 Rxc1 23. Rxc1 Nd5 24. Bd3 Rc8 25. Rxc8+ Qxc8 26. Qe1 Nxe3 27. Qxe3 Bd5 28. Ne1 Qc6 29. Qe2 Bxb3 30. Bxh7+ Kf7 31. a5 Ke7 32. Bd3 Qd5 33. Qe3 Qxa5 34. Bxa6 Bd5 35. Bf1 b3 36. Nd3 Qa1 37. Qd2 Bc4 0-1

[Event "IECC M email"]
[Site "IECC email"]
[Date "1998.10.01"]
[Round "?"]
[White "Starzykiewicz, Dawid"]
[Black "Miller, Roger"]
[Result "0-1"]
[WhiteElo "1781"]
[BlackElo "1854"]
[PlyCount "60"]
[EventDate "1998.??.??"]
[EventType "tourn (corr)"]
[EventRounds "12"]
[SourceTitle "Corr 2008"]
[Source "ChessBase"]
[SourceDate "2008.06.24"]
[SourceVersion "1"]
[SourceVersionDate "2008.06.24"]
[SourceQuality "1"]

1. d4 d5 2. c4 c6 3. cxd5 cxd5 4. Nc3 Nf6 5. Bf4 Nc6 6. e3 e6 7. Nf3 Be7 8. Rc1 Nh5 9. Bg3 Bd7 10. Bd3 Qb6 11. Qe2 Nb4 12. Bb1 Nc6 13. Nb5 Nxg3 14. hxg3 a6 15. Nc3 f5 16. g4 fxg4 17. Nh4 0-0-0 18. Kf1 Kb8 19. g3 g5 20. Ng2 h5 21. Ne1 Rdf8 22. Nd3 Be8 23. Na4 Qc7 24. Nac5 Qxg3 25. Nxe6 Qf3 26. Qxf3 Rxf3 27. Ke2 Rf7 28. Ndc5 Rh6 29. Rcg1 Kc8 30. Rxg4 Rxe6 0-1

[Event "IECC M email"]
[Site "IECC email"]
[Date "1998.08.15"]
[Round "?"]
[White "Miller, Roger"]
[Black "Athens, Jim"]
[Result "1-0"]
[WhiteElo "1709"]
[BlackElo "1693"]
[PlyCount "53"]
[EventDate "1998.??.??"]
[EventType "tourn (corr)"]
[EventRounds "12"]
[SourceTitle "Corr 2008"]
[Source "ChessBase"]
[SourceDate "2008.06.24"]
[SourceVersion "1"]
[SourceVersionDate "2008.06.24"]
[SourceQuality "1"]

1. d4 f5 2. e4 fxe4 3. Nc3 Nf6 4. Bg5 c6 5. f3 exf3 6. Nxf3 d5 7. Bd3 Bg4 8. h3 Bxf3 9. Qxf3 Qb6 10. 0-0-0 Nbd7 11. Rhe1 0-0-0 12. Bf5 Kb8 13. Be6 Ka8 14. h4 Qb4 15. a3 Qc4 16. h5 g6 17. Qf4 Bg7 18. h6 Nh5 19. hxg7 Nxf4 20. gxh8Q Rxh8 21. Bxd7 Nxg2 22. Rxe7 a5 23. Bh3 c5 24. Bxg2 cxd4 25. Nxd5 Qc5 26. Nc7+ Ka7 27. Bf6 1-0

[Event "IECC M email"]
[Site "IECC email"]
[Date "1998.08.08"]
[Round "?"]
[White "Bos, Frank"]
[Black "Miller, Roger"]
[Result "0-1"]
[WhiteElo "1787"]
[BlackElo "1724"]
[PlyCount "82"]
[EventDate "1998.??.??"]
[EventType "tourn (corr)"]
[EventRounds "12"]
[SourceTitle "Corr 2008"]
[Source "ChessBase"]
[SourceDate "2008.06.24"]
[SourceVersion "1"]
[SourceVersionDate "2008.06.24"]
[SourceQuality "1"]

1. e4 c5 2. Nf3 Nc6 3. d4 cxd4 4. Nxd4 g6 5. Nc3 Bg7 6. Be3 Nf6 7. Bc4 0-0 8. Bb3 d6 9. f3 Bd7 10. Qd2 Nxd4 11. Bxd4 b5 12. 0-0 a5 13. a4 b4 14. Ne2 Qc7 15. Be3 Rfc8 16. Bh6 Bxh6 17. Qxh6 Qc5+ 18. Kh1 Qe5 19. f4 Qxe4 20. Ng3 Qd4 21. Rad1 Qxb2 22. f5 gxf5 23. Nxf5 Bxf5 24. Rxf5 Kh8 25. Rdf1 Rc5 26. Rxc5 dxc5 27. Qe3 Qd4 28. Qxe7 Ng4 29. Qxf7 Ne3 30. Re1 c4 31. Qf2 Nxc2 32. Qf3 Nxe1 33. Qxa8+ Kg7 34. Qb7+ Kf6 35. Qa6+ Ke5 36. Bxc4 Qc5 37. Qe6+ Kd4 38. Bb5 Nc2 39. Qf6+ Qe5 40. Qd8+ Kc3 41. h3 Nd4 0-1

[Event "IECC M email"]
[Site "IECC email"]
[Date "1998.08.08"]
[Round "?"]
[White "Miller, Roger"]
[Black "Bos, Frank"]
[Result "1/2-1/2"]
[WhiteElo "1705"]
[BlackElo "1791"]
[PlyCount "65"]
[EventDate "1998.??.??"]
[EventType "tourn (corr)"]
[EventRounds "12"]
[SourceTitle "Corr 2008"]
[Source "ChessBase"]
[SourceDate "2008.06.24"]
[SourceVersion "1"]
[SourceVersionDate "2008.06.24"]
[SourceQuality "1"]

1. c4 e5 2. Nf3 Nc6 3. Nc3 Nf6 4. g3 Bc5 5. Nxe5 Bxf2+ 6. Kxf2 Nxe5 7. e4 c5 8. d4 cxd4 9. Qxd4 0-0 10. Bf4 Re8 11. Be2 Nc6 12. Qe3 b6 13. Bd6 Bb7 14. e5 Nxe5 15. Bxe5 Ne4+ 16. Nxe4 Rxe5 17. Bf3 Bxe4 18. Bxe4 Qf6+ 19. Qf3 Rxe4 20. Qxf6 gxf6 21. b3 Rae8 22. Rhf1 Re2+ 23. Kg1 Rd2 24. Rf2 Ree2 25. Rxe2 Rxe2 26. Rd1 Rxa2 27. Rxd7 Ra3 28. Kf1 Rxb3 29. Rxa7 Rc3 30. Rb7 Rxc4 31. Rxb6 Rc2 32. h4 Kg7 33. Rb5 1/2-1/2

[Event "IECC M email"]
[Site "IECC email"]
[Date "1998.08.08"]
[Round "?"]
[White "Nagley, Tim"]
[Black "Miller, Roger"]
[Result "0-1"]
[WhiteElo "1822"]
[BlackElo "1677"]
[PlyCount "34"]
[EventDate "1998.??.??"]
[EventType "tourn (corr)"]
[EventRounds "12"]
[SourceTitle "Corr 2008"]
[Source "ChessBase"]
[SourceDate "2008.06.24"]
[SourceVersion "1"]
[SourceVersionDate "2008.06.24"]
[SourceQuality "1"]

1. e4 e5 2. f4 exf4 3. Nf3 g5 4. h4 g4 5. Ne5 Nf6 6. d4 d6 7. Nd3 Nxe4 8. Bxf4 Qe7 9. Qe2 Nc6 10. c3 Bf5 11. d5 Na5 12. Nf2 Nf6 13. Bd2 Nh5 14. c4 b6 15. Bc3 Rg8 16. b4 Nb7 17. Nd2 Ng3 0-1

[Event "IECC M email"]
[Site "IECC email"]
[Date "1998.05.09"]
[Round "?"]
[White "Avant, Thomas"]
[Black "Miller, Roger"]
[Result "0-1"]
[WhiteElo "1487"]
[BlackElo "1577"]
[PlyCount "78"]
[EventDate "1998.??.??"]
[EventType "tourn (corr)"]
[EventRounds "12"]
[SourceTitle "Corr 2008"]
[Source "ChessBase"]
[SourceDate "2008.06.24"]
[SourceVersion "1"]
[SourceVersionDate "2008.06.24"]
[SourceQuality "1"]

1. Nf3 d5 2. g3 Nf6 3. b3 c6 4. Bb2 Bg4 5. Bg2 e6 6. 0-0 Nbd7 7. d3 a5 8. Nbd2 Bd6 9. h3 Bxf3 10. Nxf3 0-0 11. e3 a4 12. a3 Qb6 13. Qe1 axb3 14. Qc3 e5 15. Qxb3 Qa6 16. Rab1 e4 17. Nd2 Nc5 18. Qb4 exd3 19. Bxf6 Ne4 20. Qxb7 Nxd2 21. Qxa6 Rxa6 22. Bxg7 Kxg7 23. cxd3 Nxb1 24. Rxb1 Rb8 25. Re1 Bxa3 26. Ra1 Rbb6 27. e4 d4 28. e5 Bb4 29. Rc1 Bc3 30. Rc2 Ra1+ 31. Kh2 Rd1 32. Be4 Rdb1 33. Kg2 c5 34. Ra2 Be1 35. Re2 R6b2 36. Bf3 c4 37. dxc4 d3 38. Rxb2 Rxb2 39. g4 Rxf2+ 0-1

[Event "IECC M email"]
[Site "IECC email"]
[Date "1998.05.09"]
[Round "?"]
[White "Lane, Terry"]
[Black "Miller, Roger"]
[Result "0-1"]
[WhiteElo "1456"]
[BlackElo "1589"]
[PlyCount "32"]
[EventDate "1998.??.??"]
[EventType "tourn (corr)"]
[EventRounds "12"]
[SourceTitle "Corr 2008"]
[Source "ChessBase"]
[SourceDate "2008.06.24"]
[SourceVersion "1"]
[SourceVersionDate "2008.06.24"]
[SourceQuality "1"]

1. e4 c5 2. Nf3 e6 3. g3 d5 4. Nc3 d4 5. Ne2 Nc6 6. d3 Nf6 7. c3 e5 8. a3 Bd6 9. b4 dxc3 10. Nxc3 cxb4 11. Nd5 bxa3 12. Bxa3 Nxd5 13. exd5 Qa5+ 14. Qd2 Bb4 15. Bxb4 Qxa1+ 16. Ke2 Nxb4 0-1

[Event "IECC M email"]
[Site "IECC email"]
[Date "1998.05.09"]
[Round "?"]
[White "Miller, Roger"]
[Black "Lane, Terry"]
[Result "1-0"]
[WhiteElo "1589"]
[BlackElo "1456"]
[PlyCount "31"]
[EventDate "1998.??.??"]
[EventType "tourn (corr)"]
[EventRounds "12"]
[SourceTitle "Corr 2008"]
[Source "ChessBase"]
[SourceDate "2008.06.24"]
[SourceVersion "1"]
[SourceVersionDate "2008.06.24"]
[SourceQuality "1"]

1. d4 Nf6 2. c4 d5 3. cxd5 Nxd5 4. Nf3 Nc6 5. e4 Nb6 6. d5 Nb8 7. Nc3 c6 8. dxc6 Nxc6 9. Qxd8+ Nxd8 10. Be3 Nc6 11. Nb5 Kd8 12. Rd1+ Bd7 13. Nxa7 Nxa7 14. Bxb6+ Kc8 15. Ne5 e6 16. Rxd7 1-0